Big E's WrestleMania Opponents - Statistics

General Stats
  • This quiz has been taken 11 times
  • The average score is 9 of 10
Answer Stats
WrestleMania Opponent % Correct
WrestleMania 37 Apollo Crews
100%
WrestleMania 34 Jey Uso
100%
WrestleMania 34 Jimmy Uso
100%
WrestleMania 32 Rusev
100%
WrestleMania 32 Sheamus
100%
WrestleMania 32 Alberto Del Rio
89%
WrestleMania 29 Daniel Bryan
89%
WrestleMania 29 Kane
89%
WrestleMania 34 Harper
67%
WrestleMania 34 Rowan
67%
No matching quizzes found
Score Distribution
Percent of People with Each Score
Percentile by Number Answered
Your Score History
You have not taken this quiz